| 000 | 00359nam a2200133 a 4500 | ||
|---|---|---|---|
| 005 | 20140414132120.0 | ||
| 008 | 120822s19uu xx 00 eng d | ||
| 050 |
_aTR 372.622 _bR287 2003 |
||
| 245 | _aReading word cards. | ||
| 260 |
_aHunt Valley, Maryland : _bCalvert School, _c2003. |
||
| 300 | _a75 | ||
| 650 | _aReading-word activities. | ||
| 999 |
_c115043 _d115043 |
||